| 000 | 01259nam a22002297a 4500 | ||
|---|---|---|---|
| 999 |
_c58239 _d58239 |
||
| 003 | Ge_BSU | ||
| 005 | 20210928112400.0 | ||
| 008 | 210928s2021 ge ||||| |||| 00| 0 geo d | ||
| 020 | _a9789941836107 | ||
| 041 | _ageo | ||
| 080 | _a621.3(075.8) ე-51 | ||
| 245 |
_aელექტროტექნიკის საფუძვლები : _bI ნაწილი : დამხმარე სახელმძღვანელო / _cშემდგ : მაია ტუღუში, მადონა ლორია, რედ. ოთარ ჯიჯავაძე. |
||
| 264 |
_aბათუმი: _bმცირე მეწარმე,,მაია ჯაველიძე", _c2021. |
||
| 300 |
_a183 გვ.: _bცხრ., _c29 სმ. |
||
| 504 | _aბიბლიოგრაფ. გვ:183-184 | ||
| 653 | _aელექტროტექნიკის საფუძვლები | ||
| 653 | _aელექტროტექნიკა | ||
| 700 |
_aტუღუში, მაია _eშემდგენელი _92277 |
||
| 700 |
_aლორია, მადონა _eშემდგენელი _912567 |
||
| 700 |
_aჯიჯავაძე, ოთარ _eრედაქტორი _912568 |
||
| 942 |
_2udc _cBK |
||